Bhartiye Patan Or Uthan Ki khani (Record no. 13578)

MARC details
000 -LEADER
fixed length control field 00373nam a22001457a 4500
003 - CONTROL NUMBER IDENTIFIER
control field OSt
008 - FIXED-LENGTH DATA ELEMENTS--GENERAL INFORMATION
fixed length control field 250514b |||||||| |||| 00| 0 eng d
100 ## - MAIN ENTRY--PERSONAL NAME
Personal name UPADAYAE, Shree Pandit Gangaparasad
245 ## - TITLE STATEMENT
Title Bhartiye Patan Or Uthan Ki khani
250 ## - EDITION STATEMENT
Edition statement 23th
260 ## - PUBLICATION, DISTRIBUTION, ETC. (IMPRINT)
Place of publication, distribution, etc U.P.
Name of publisher, distributor, etc Shreemati Meena Arya Darmarath
Date of publication, distribution, etc 2023
300 ## - PHYSICAL DESCRIPTION
Extent 228
650 ## - SUBJECT ADDED ENTRY--TOPICAL TERM
Topical term or geographic name as entry element General
942 ## - ADDED ENTRY ELEMENTS (KOHA)
Source of classification or shelving scheme Dewey Decimal Classification
Koha item type Text Books
Holdings
Withdrawn status Lost status Source of classification or shelving scheme Damaged status Not for loan Collection code Home library Current library Date acquired Source of acquisition Currency Cost, normal purchase price Bill Number Total Checkouts Full call number Acc. no. / Barcode Date last seen Actual Cost, discounted price Bill Date Koha item type
    Dewey Decimal Classification     Book Club and Indian Knowledge System PIET C-LIBRARY PIET C-LIBRARY 10/04/2025 Subash Kohali INR 80.00 830   954.05 UPB K52 14/05/2025 80.00 10/04/2025 Text Books

Design & Developed by: PIET Central Library
R70 Miles Stone Pattikalyana Samalkha Panipat 132102
mail ID :- [email protected], Phone No:- 0180-2569700 Ex.216